6 yılda neler olmadı! (Record no. 2749)

MARC details
000 -BAŞLIK
Sabit Uzunlukta Kontrol Alanı 01124na a2200337 4500
001 - KONTROL NUMARASI
Denetim Alanı 20955
003 - KONTROL NUMARASI IDENTIFIER
Denetim Alanı MIRAKIL
005 - SON İŞLEM TARİHİ VE ZAMANI
Denetim Alanı 20181213154908.0
008 - SABİT-BOY VERİ ELEMANLARI - GENEL BİLGİLER
Sabit Uzunlukta Kontrol Alanı 170130b tu 000 0
035 ## - SİSTEM KONTROL NUMARASI
Sistem Kontrol Numarası 20955
040 ## - KATALOGLAMA KAYNAK
Orijinal Kataloglama Ajansı Milas
Kataloglama Dili tur
Metne Dönüştürmek Ajansı TR-AnCHP
041 ## - DİL KODU
Metin / Ses Parça Veya Ayrı Başlığın Dil Kodu tur
082 ## - DEWEY ONLU SINIFLANDIRMA NUMARASI
Sınıflandırma Numarası CHP 324.2182
Ürün Numarası O62a 2011
090 ## - SINIFLAMA NUMARASI
Sınıflama Numarası BROŞÜR 244
100 ## - ANA GİRİŞ - KİŞİSEL İSİM
Kişisel Ad Oran, Umut
Bir Adıyla İlişkilendirilen Başlıklar Ve Kelimeler CHP Milletvekili
245 ## - BAŞLIK TABLOSU
Başlık 6 yılda neler olmadı!
Başlığın Kalan AB müzekerelerinin başlangıcından bugüne
Sorumluluk Tablosu, Vb Umut Oran
246 ## - UNVAN FORM VARYING
Başlık Doğru / Kısa Başlığı AB müzekerelerinin başlangıcından bugüne
260 ## - YAYIN, DAĞITIM, VB
Yayın, Dağıtım, Vb Yeri Ankara
Yayıncı, Dağıtıcı, Vs Adı CHP
Yayın, Dağıtım, Vb Tarihi 3 Ekim 2011
300 ## - FİZİKSEL TANIM
Kapsam ktl. broşür
Diğer Fiziksel Ayrıntıları rnk. res.
Boyutlar 21 sm.
440 ## - SERİSİ TABLOSU / KATMA GİRİŞİ - BAŞLIK
Başlık Cumhuriyet Halk Partisi yayınları
Bir İşin Parçası / Bölümün İsmi Broşürler
610 ## - KONU KATMA GİRİŞ - TOPLANTI ADI
Giriş Elemanı Olarak Kurumsal Ad Veya Yargı Alanı Adı CHP
Genel Alt Bölüm İktidar eleştirisi
Kronolojik Alt Bölüm AB politikaları
610 ## - KONU KATMA GİRİŞ - TOPLANTI ADI
Giriş Elemanı Olarak Kurumsal Ad Veya Yargı Alanı Adı AKP
Genel Alt Bölüm Dış politika
Kronolojik Alt Bölüm AB politikaları
650 ## - KONU KATMA GİRİŞ - TOPİKAL DÖNEM
Topikal Süreli Veya Coğrafi Ad Giriş Elemanı AB müzakereleri
Coğrafi Alt Bölümü Türkiye
650 ## - KONU KATMA GİRİŞ - TOPİKAL DÖNEM
Topikal Süreli Veya Coğrafi Ad Giriş Elemanı AKP iktidarı
Genel Alt Bölümü AB politikaları
650 ## - KONU KATMA GİRİŞ - TOPİKAL DÖNEM
Topikal Süreli Veya Coğrafi Ad Giriş Elemanı AB uyum süreci
Coğrafi Alt Bölümü Türkiye
650 ## - KONU KATMA GİRİŞ - TOPİKAL DÖNEM
Topikal Süreli Veya Coğrafi Ad Giriş Elemanı Avrupa Birliği
Genel Alt Bölümü Türkiye ilişkileri
651 ## - KONU KATMA GİRİŞ - COĞRAFİ ADI
Coğrafi İsim Türkiye
Genel Alt Bölümü Siyaset ve yönetim
Kronolojik Alt Bölümü 2002-
830 ## - SERİSİ EKLENDİ GİRİŞ - ÜNİFORM ADI
Üniforma Başlık CHP broşürleri
942 ## - EKLENDİ GİRİŞ ELEMANLARI (KOHA)
Sınıflandırma Veya Raf Düzeni Kaynak Dewey Decimal Classification
Koha Öğesi Türü Books
999 ## - SİSTEM KONTROL NUMARALARI (KOHA)
Koha Biblionumber 2749
Koha Biblioitemnumber 2749
Holdings
Kullanım Kısıtlamaları Kalıcı Konum Mevcut Konum Edinme Tarihi Edinim Kaynak Kodlu Konum Eleme Toplam Check-Out'Lar Tam Çağrı Numarası Barkod Tarih Son Görülme Kopya Sayısı İtibaren Geçerli Fiyatlar Koha Öğesi Türü
Kütüphane dışına çıkarılamaz CHP Kütüphanesi CHP Kütüphanesi 01/30/2017 Bağış BROŞÜRLER   BROŞÜR 244 013208 01/30/2017 k.10 01/30/2017 Visual Material